<?xml version="1.0" encoding="UTF-8"?>
<marc:record xmlns:marc="http://www.loc.gov/MARC21/slim">
   <marc:leader>00000nam a2200000 a 4500</marc:leader>
   <marc:datafield ind1=" " ind2=" " tag="653">
      <marc:subfield code="a">Zeichentrickfilm</marc:subfield>
   </marc:datafield>
   <marc:datafield ind1=" " ind2=" " tag="653">
      <marc:subfield code="a">Freundschaft</marc:subfield>
   </marc:datafield>
   <marc:datafield ind1=" " ind2=" " tag="653">
      <marc:subfield code="a">Zoo</marc:subfield>
   </marc:datafield>
   <marc:datafield ind1="0" ind2="0" tag="245">
      <marc:subfield code="a">Benjamin Blümchen bei den Eskimos / Benjamin Blümchen und die Murmeltiere</marc:subfield>
   </marc:datafield>
   <marc:datafield ind1=" " ind2="1" tag="264">
      <marc:subfield code="b">Kiddinx Studios</marc:subfield>
      <marc:subfield code="c">2002</marc:subfield>
   </marc:datafield>
   <marc:datafield ind1="1" ind2=" " tag="490">
      <marc:subfield code="a">Benjamin Blümchen</marc:subfield>
   </marc:datafield>
   <marc:datafield ind1="1" ind2=" " tag="520">
      <marc:subfield code="a">Bei den Eskimos: Egon Eisbär bedrückt etwas. Sein Freund, der Polarforscher Professor Magneticus, hat sich schon lange nicht mehr gemeldet. Auch Karla Kolumna macht sich große Sorgen um den Professor. Sie will am Nordpol nach ihm suchen. Zusammen mit Benjamin, Otto und Egon Eisbär macht sie sich auf die Reise. Im Eismeer angekommen, braucht ein kleines Eisbärbaby ihr Hilfe. Dann treffen sie sogar Eskimos. Die sind über den fremden Besuch gar nicht erfreut. Ob es trotzdem gelingt, den Professor zu finden?</marc:subfield>
   </marc:datafield>
   <marc:datafield ind1=" " ind2=" " tag="020">
      <marc:subfield code="a">B000K7V976</marc:subfield>
      <marc:subfield code="9">B000K7V976</marc:subfield>
   </marc:datafield>
   <marc:datafield ind1="0" ind2=" " tag="490">
      <marc:subfield code="v">0</marc:subfield>
   </marc:datafield>
   <marc:datafield ind1=" " ind2=" " tag="300">
      <marc:subfield code="a">1 DVD (ca.55 Min.)</marc:subfield>
   </marc:datafield>
</marc:record>
